000 00524nam a2200157 a 4500
008 120416s0000 ||||||||||||||||| || u
020 _a0851573282
050 _aZ 688.R3 Cav
100 _aCave, Roderick
245 1 0 _aRare book librarianship
250 _a2nd ed.
260 _aLondon
_bBingley
_c1982
300 _a162p. : ill.
350 _a0.00
995 _D0.00
_FCBU-MAIN LIBRARY (Kitwe)
_H1
_I20.00
_M1
_UAVAILABLE
_WJun 26, 2006
_ZAnnex Low-Usage Collection
999 _c55593
_d55593